• 首页
  • 本馆介绍
  • 公告通知
  • 最新文献
  • 馆藏检索
  • 电子资源
  • 读者导购
  • 参考咨询
  • 我的图书馆
  • 登录
  • 详细信息显示
  • 放入我的书架
  • 预约/预借图书
  • 作者相关作品
  • 分类相关作品
  • 丛书相关作品
  • 出版社相关作品

书目信息

  • 表格格式
  • 工作单格式
  • 卡片格式
题名:
怀疑论、知识与辩护
    
 
作者: 徐向东 著
分册:  
出版信息: 北京   北京大学出版社  2006
页数: 574页
开本: 23cm
丛书名: 博雅爱智文丛
单 册:
中图分类: B083
科图分类:
主题词: 怀疑论派--研究 , 怀疑论派
电子资源:
ISBN: 7-301-10809-5
000 00999oam2 2200277 450
001 012007977966
005 20070523093515.73
010    @a7-301-10809-5@dCNY45.00
100    @a20070515d2006 km y0chiy0120 ea
101 0  @achi
102    @aCN@b110000
105    @ay z 000yy
106    @ar
200 1  @a怀疑论、知识与辩护@Ahuai yi lun、zhi shi yu bian hu@f徐向东著@Fxu xiang dong zhu
210    @a北京@c北京大学出版社@d2006
215    @a574页@d23cm
225 2  @a博雅爱智文丛
330    @a本书以哲学怀疑为主线,以早起现代哲学为背景来阐明知识论中的一系列问题,详细地分析和考察了怀疑论在知识论中地重要性,回答了怀疑论挑战的各种主要策略,探究了知识和辩护的本质,最终试图解释知识论在人类的自我理解中所占据的重要地位。
461  0 @12001 @a博雅爱智文丛
510 1  @aSkepticism,knowledge and justification@zeng
606 0  @a怀疑论派@x研究
606 0  @a怀疑论派
690    @aB083@v4
701  0 @a徐向东@Axu xiang dong@f(1965~)@4著
801  0 @aCN@bRULIN@c20070523
905    @dB083@e40@s8
    
    怀疑论、知识与辩护/徐向东著.-北京:北京大学出版社,2006
    574页;23cm.-(博雅爱智文丛)
    
    
    ISBN 7-301-10809-5:CNY45.00
    本书以哲学怀疑为主线,以早起现代哲学为背景来阐明知识论中的一系列问题,详细地分析和考察了怀疑论在知识论中地重要性,回答了怀疑论挑战的各种主要策略,探究了知识和辩护的本质,最终试图解释知识论在人类的自我理解中所占据的重要地位。
●
相关链接 在E读中查询图书 在五车中查询图书 在当当中查询图书 在豆瓣中查询图书


正题名:怀疑论、知识与辩护     索取号:B083/40         预约/预借

序号 登录号 条形码 馆藏地/架位号 状态 备注
1 0576332   205763324   第一样本阅览室/ [索取号:B083/40] 在馆    
2 0576333   205763333   教育系资料室/ [索取号:B083/40] 在馆    
3 0576334   205763342   教育系资料室/ [索取号:B083/40] 在馆    
4 0576335   205763351   第一借阅区/ [索取号:B083/40] 在馆    
5 0576336   205763360   第一借阅区/ [索取号:B083/40] 在馆    
6 0576337   205763379   教育系资料室/ [索取号:B083/40] 在馆    
7 0576338   205763388   第一借阅区/ [索取号:B083/40] 在馆    
8 0576339   205763397   教育系资料室/ [索取号:B083/40] 在馆    
唐山师范学院图书馆 欢迎您!
大连网信软件有限公司© 版权所有